Walter Scott : his life and personality /

Bibliographic Details
Main Author: Pearson, Hesketh, 1887-1964
Format: Book
Language:English
Published: London : H. Hamilton, 1987.
Subjects:

MARC

Tag First Indicator Second Indicator Subfields
LEADER 00000cam a2200000 a 4500
001 in00000034208
005 20151007055234.0
008 871118s1987 enkaf b 00110beng
010 |a  87204367  
020 |a 0241120055 (pbk.) 
035 |a (OCoLC)17771729 
035 |9 AAB7667AM 
040 |a DLC  |c DLC  |d TXA  |d UtOrBLW 
049 |a TXAM  |c [A11088767] 
050 0 0 |a PR5332  |b .P4 1987 
082 0 |a 828/.709  |a B  |2 19 
100 1 |a Pearson, Hesketh,  |d 1887-1964. 
245 1 0 |a Walter Scott :  |b his life and personality /  |c by Hesketh Pearson ; introduction by Allan Massie. 
264 1 |a London :  |b H. Hamilton,  |c 1987. 
300 |a vii, 295 pages, 8 unnumbered pages of plates :  |b illustrations ;  |c 20 cm. 
336 |a text  |b txt  |2 rdacontent 
337 |a unmediated  |b n  |2 rdamedia 
338 |a volume  |b nc  |2 rdacarrier 
500 |a "A Hamish Hamilton paperbacks." 
504 |a Bibliography: pages 285-288. 
500 |a Includes index. 
600 1 0 |a Scott, Walter,  |d 1771-1832. 
650 0 |a Authors, Scottish  |y 19th century  |v Biography. 
999 |a MARS 
999 f f |s 1b9a20b6-d147-3de6-815b-6fef893a5932  |i 19dec0c7-f7dd-3141-bb1a-f615f66e8d72  |t 0 
952 f f |p normal  |a Texas A&M University  |b College Station  |c Sterling C. Evans Library  |d Evans: Library Stacks  |t 0  |e PR5332 .P4 1987  |h Library of Congress classification  |i unmediated -- volume  |m A14811088767 
998 f f |a PR5332 .P4 1987  |t 0  |l Evans: Library Stacks